| 000 | 00354nam a22001457a 4500 | ||
|---|---|---|---|
| 999 |
_c15670 _d15670 |
||
| 003 | OSt | ||
| 008 | 190524b ||||| |||| 00| 0 eng d | ||
| 020 | _a9788179928141 | ||
| 082 |
_a158.1 _bSHA/TH |
||
| 100 |
_aSharma, Robin. _94160 |
||
| 245 | _aThe Greatness Guide 2 | ||
| 260 |
_aMumbai _bJaico publishing House _c2016 |
||
| 300 | _a203 p. | ||
| 942 | _cBK | ||